| 000 | 00471cam a2200193ua 4500 | ||
|---|---|---|---|
| 020 | _c120.00 | ||
| 041 |
_aeng _h |
||
| 082 |
_a028.7021 _bSIN/CA |
||
| 100 | _aSinha, S C . | ||
| 245 |
_aCareer`s objective type physics / _cS C Sinha. _hTextual Documents |
||
| 250 |
_a8 / _b. |
||
| 260 |
_a : _bBright careers institute , _c1960. |
||
| 300 | _a399 ; . | ||
| 365 | _a120.00 | ||
| 504 | _a | ||
| 700 | 1 | _aPhull, D S . | |
| 942 | _cBK | ||
| 999 |
_c8033 _d8033 |
||